Study of the component interactions in Hevea-based intercropping systems (Record no. 69799)

MARC details
000 -LEADER
fixed length control field 00483nam a2200169Ia 4500
100 ## - MAIN ENTRY--AUTHOR NAME
Personal name Wibawa G
245 #0 - TITLE STATEMENT
Title Study of the component interactions in Hevea-based intercropping systems
260 ## - PUBLICATION, DISTRIBUTION, ETC. (IMPRINT)
Name of publisher Papers presented at IRRDB seminar 5-8 November 1996 Sri Lanka p24-26
650 ## - SUBJECT ADDED ENTRY--TOPICAL TERM
Topical Term Hevea
650 ## - SUBJECT ADDED ENTRY--TOPICAL TERM
Topical Term Intercropping
700 ## - ADDED ENTRY--PERSONAL NAME
Personal name Gunawan A
700 ## - ADDED ENTRY--PERSONAL NAME
Personal name Rosyid M J
700 ## - ADDED ENTRY--PERSONAL NAME
Personal name Tambunan D
700 ## - ADDED ENTRY--PERSONAL NAME
Personal name Thomas W
942 ## - ADDED ENTRY ELEMENTS (KOHA)
Koha item type Journals
Holdings
Withdrawn status Lost status Damaged status Not for loan Home library Current library Shelving location Date acquired Koha item type
      Journals RRII Library RRII Library Botany 17/12/2021 Journals